Normal view MARC view

Entry Nombre personal

Number of records used in: 1

001 - NÚMERO DE CONTROL

  • campo de control: 171248

003 - IDENTIFICADOR DE NÚMERO DE CONTROL

  • campo de control: SpMaBN

005 - FECHA Y HORA DE LA ÚLTIMA TRANSACCIÓN

  • campo de control: 20250815011811.0

008 - ELEMENTOS DE DATO DE LONGITUD-FIJA

  • campo de control de longitud fija: 100210n|#azznnaabn a aaa ||

024 7# - IDENTIFICADOR DE OTROS ESTÁNDARES

  • Número estándar o código: http://www.wikidata.org/entity/Q27786422
  • Fuente: wikidata

024 7# - IDENTIFICADOR DE OTROS ESTÁNDARES

  • Número estándar o código: http://viaf.org/viaf/172145722/
  • Fuente: viaf

024 7# - IDENTIFICADOR DE OTROS ESTÁNDARES

  • Número estándar o código: https://isni.org/isni/0000000122415096
  • Fuente: isni

040 ## - FUENTE DE CATALOGACIÓN

  • Centro catalogador/agencia de origen: SpMaBN
  • Lengua de catalogación: spa
  • Centro/agencia transcriptor: SpMaBN
  • Normas de descripción: rdc
  • Convención/Normas de encabezamiento de materia/tesauro: embne

046 ## - FECHAS CON CODIFICACIÓN ESPECIAL

  • Fecha de nacimiento: 1978

100 1# - ENCABEZAMIENTO-NOMBRE DE PERSONA

  • Nombre de persona: Álvarez, Julio César,
  • Fechas asociadas al nombre: 1978-

370 ## - LUGAR ASOCIADO

  • Lugar de nacimiento: León, España
  • Fuente del término: embne

372 ## - CAMPO DE ACTIVIDAD

  • Campo de actividad: Novelas
  • Campo de actividad: Cuentos
  • Campo de actividad: Biografías
  • Fuente del término: tgfbne

374 ## - OCUPACIÓN

  • Ocupación: Escritores
  • Ocupación: Psicólogos
  • Fuente del término: embne

375 ## - GÉNERO/SEXO

  • Género: Masculino

377 ## - IDIOMA ASOCIADO

  • Término de lengua/lenguaje: Español

400 1# - TRAZADO DE VÉASE--NOMBRE DE PERSONA

  • Nombre de persona: Álvarez Arias, Julio César,
  • Fechas asociadas al nombre: 1978-

670 ## - FUENTE DE DATOS ENCONTRADOS

  • Cita de la fuente: El tiempo nos va desnudando, imp. 2009
  • Información encontrada: port. (Julio César Álvarez) cub. (León, 1978; psicólogo)

670 ## - FUENTE DE DATOS ENCONTRADOS

  • Cita de la fuente: WWW Agencia Española ISBN, 16-9-2010
  • Información encontrada: (Álvarez Arias, Julio César)